Reflexiones /

El artículo constituye una reflexión sobre la creación y propósito de la revista en la que se edita. Se menciona que en este proyecto común el objetivo ha sido crear un ambiente académico con plena libertad y respeto para que los universitarios expresen su pensamiento. La revista presenta tres carac...

Ausführliche Beschreibung

Gespeichert in:
Bibliographische Detailangaben
1. Verfasser: Garita Bonilla, Luis E.
Format: Text
Schlagworte:
Tags: Tag hinzufügen
Keine Tags, Fügen Sie den ersten Tag hinzu!

MARC

LEADER 00000 a a2200000 04500
001 13321
003
040
100 |a Garita Bonilla, Luis E.  
245 |a Reflexiones /  |c Luis E. Garita Bonilla 
520 |a El artículo constituye una reflexión sobre la creación y propósito de la revista en la que se edita. Se menciona que en este proyecto común el objetivo ha sido crear un ambiente académico con plena libertad y respeto para que los universitarios expresen su pensamiento. La revista presenta tres características destacadas: crear un espacio de unidad de la Facultad de Ciencias Sociales, indispensable para que el pensamiento creador logre desarrollarse y ser comunicado. La segunda es la periodicidad, lo que permite que el debate sobre ideas expuestas, sea ágil y permanente y los aportes, encontrados y diversos, sean actuales. La tercera es el aporte de la Bitácora, que ha complementado la labor de la revista con información universitaria, nacional e internacional de gran valor y actualidad para los universitarios. La revista Reflexiones es un ejemplo del aporte de la Facultad de Ciencias Sociales a la transformación de la Universidad. HB/HMBQ  
650 |a PUBLICACIONES PERIODICAS  
650 |a INVESTIGACION  
650 |a CIENCIAS SOCIALES  
650 |a UNIVERSIDAD DE COSTA RICA  
650 |a DESARROLLO SOCIAL  
773 |g número 12; páginas 3-4  
999 |c 33333  |d 33333